[Event "Padova op-A 17th"]
[Site "Padova"]
[Date "2014.12.15"]
[Round "2.22"]
[White "Karkovic, Mate"]
[Black "Andreoni, Giuseppe"]
[Result "0-1"]
[WhiteElo "1999"]
[BlackElo "2179"]
[PlyCount "62"]
[EventDate "2014.12.14"]
[EventType "swiss"]
[EventRounds "9"]
[EventCountry "ITA"]
[SourceTitle "EXT 2024"]
[Source "ChessBase"]
[SourceDate "2023.10.10"]
[SourceVersion "1"]
[SourceVersionDate "2023.10.10"]
[SourceQuality "1"]

1. d4 Nf6 2. Nf3 g6 3. g3 Bg7 4. Bg2 0-0 5. 0-0 d5 6. c4 dxc4 7. Na3 c3 8. bxc3 c5 9. Bb2 Nc6 10. Nc4 Qc7 11. Rc1 Be6 12. Ncd2 Rfd8 13. Ng5 Bc8 14. Qb3 e6 15. e4 cxd4 16. cxd4 Qa5 17. Nc4 Qxg5 18. h4 Qh5 19. e5 Ne8 20. Rcd1 g5 21. Bf3 g4 22. Be2 f5 23. f3 gxf3 24. Bxf3 Qg6 25. Kh2 Bd7 26. Ne3 Ne7 27. Ba3 Nd5 28. Nxd5 exd5 29. Bxd5+ Kh8 30. Qxb7 Rab8 31. Qxa7 Bc6 0-1

[Event "Padova op-A 17th"]
[Site "Padova"]
[Date "2014.12.14"]
[Round "1"]
[White "Andreoni, Giuseppe"]
[Black "Vovk, Yuri"]
[Result "0-1"]
[WhiteElo "2179"]
[BlackElo "2592"]
[PlyCount "40"]
[EventDate "2014.12.14"]
[EventType "swiss"]
[EventRounds "9"]
[EventCountry "ITA"]
[SourceTitle "EXT 2016"]
[Source "ChessBase"]
[SourceDate "2015.10.08"]
[SourceVersion "1"]
[SourceVersionDate "2015.10.08"]
[SourceQuality "1"]

1. e4 c5 2. Nf3 e6 3. d4 cxd4 4. Nxd4 a6 5. Nc3 Qc7 6. Bd3 Nf6 7. 0-0 Bc5 8. Nb3 Ba7 9. Bg5 Nc6 10. Kh1 h5 11. Bxf6 gxf6 12. f4 d6 13. Qe2 Bd7 14. a4 Ke7 15. Nd5+ exd5 16. exd5+ Kf8 17. dxc6 Bxc6 18. Bf5 Re8 19. Qd3 Rg8 20. Rf3 Re3 0-1

[Event "Milan Crespi op-A 35th"]
[Site "Milan"]
[Date "2014.12.08"]
[Round "3"]
[White "Andreoni, Giuseppe"]
[Black "Motola, Jacopo"]
[Result "1/2-1/2"]
[WhiteElo "2179"]
[BlackElo "2069"]
[PlyCount "49"]
[EventDate "2014.12.06"]
[EventType "swiss"]
[EventRounds "9"]
[EventCountry "ITA"]
[SourceTitle "EXT 2016"]
[Source "ChessBase"]
[SourceDate "2015.10.08"]
[SourceVersion "1"]
[SourceVersionDate "2015.10.08"]
[SourceQuality "1"]

1. e4 d5 2. exd5 Qxd5 3. Nf3 Nf6 4. d4 Bf5 5. Be2 e6 6. 0-0 c6 7. c4 Qd8 8. Nc3 Be7 9. Bf4 0-0 10. Re1 Na6 11. a3 Nc7 12. Qb3 Qc8 13. Ne5 Rd8 14. Rad1 Nd7 15. Bf3 Nxe5 16. dxe5 Na6 17. Rxd8+ Bxd8 18. Na4 Be7 19. Rd1 Qc7 20. Qc3 Rd8 21. b4 Rxd1+ 22. Bxd1 Qd8 23. Be2 h6 24. h3 Nc7 25. Nb2 1/2-1/2

[Event "Milan Crespi op-A 35th"]
[Site "Milan"]
[Date "2014.12.08"]
[Round "4"]
[White "D'Avino, Gianfranco"]
[Black "Andreoni, Giuseppe"]
[Result "1/2-1/2"]
[WhiteElo "2137"]
[BlackElo "2179"]
[PlyCount "84"]
[EventDate "2014.12.06"]
[EventType "swiss"]
[EventRounds "9"]
[EventCountry "ITA"]
[SourceTitle "EXT 2016"]
[Source "ChessBase"]
[SourceDate "2015.10.08"]
[SourceVersion "1"]
[SourceVersionDate "2015.10.08"]
[SourceQuality "1"]

1. d4 Nf6 2. c4 g6 3. g3 Bg7 4. Bg2 d5 5. cxd5 Nxd5 6. e4 Nb6 7. Ne2 c5 8. d5 e6 9. Nbc3 exd5 10. exd5 0-0 11. 0-0 Na6 12. d6 Re8 13. Ne4 Bf5 14. N2c3 Qd7 15. Bg5 Re6 16. Be7 Nc4 17. Ng5 Rxe7 18. dxe7 Qxe7 19. h4 Rd8 20. Bd5 Nd6 21. Re1 Qf6 22. a3 h6 23. Nf3 Bg4 24. Qd3 c4 25. Qe3 Nf5 26. Qf4 Bxf3 27. Qxf3 Nd4 28. Qxf6 Bxf6 29. Bxb7 Nc5 30. Be4 Rb8 31. Rab1 Nxe4 32. Rxe4 Nf3+ 33. Kg2 Nd2 34. Rbe1 Nxe4 35. Rxe4 Rxb2 36. Nd5 Kg7 37. Rxc4 Bd8 38. a4 Rd2 39. Ne3 Bb6 40. Kf3 h5 41. Rf4 Ra2 42. Rc4 Rd2 1/2-1/2

[Event "Milan Crespi op-A 35th"]
[Site "Milan"]
[Date "2014.12.06"]
[Round "1"]
[White "Andreoni, Giuseppe"]
[Black "Podetti, Davide"]
[Result "1/2-1/2"]
[WhiteElo "2179"]
[BlackElo "2002"]
[PlyCount "44"]
[EventDate "2014.12.06"]
[EventType "swiss"]
[EventRounds "9"]
[EventCountry "ITA"]
[SourceTitle "EXT 2016"]
[Source "ChessBase"]
[SourceDate "2015.10.08"]
[SourceVersion "1"]
[SourceVersionDate "2015.10.08"]
[SourceQuality "1"]

1. e4 e6 2. d4 d5 3. Nc3 dxe4 4. Nxe4 Bd7 5. Nf3 Bc6 6. Neg5 Bd6 7. Bd3 Nd7 8. Qe2 Qe7 9. 0-0 Ngf6 10. Ne5 Bxe5 11. dxe5 Nd5 12. c4 N5b6 13. b3 0-0-0 14. Bc2 Rdg8 15. a4 f6 16. Ba3 Qe8 17. exf6 gxf6 18. Ne4 f5 19. Ng3 h5 20. f3 h4 21. Nh1 Rg6 22. a5 Na8 1/2-1/2

[Event "Iasi op"]
[Site "Iasi"]
[Date "2014.05.13"]
[Round "4"]
[White "Peptan, Corina Isabela"]
[Black "Andreoni, Giuseppe"]
[Result "1-0"]
[WhiteElo "2438"]
[BlackElo "2138"]
[PlyCount "55"]
[EventDate "2014.05.10"]
[EventType "swiss"]
[EventRounds "9"]
[EventCountry "ROU"]
[SourceTitle "CBM 160 Extra"]
[Source "ChessBase"]
[SourceDate "2014.07.01"]
[SourceVersion "1"]
[SourceVersionDate "2014.07.01"]
[SourceQuality "1"]

1. c4 Nf6 2. Nf3 g6 3. Nc3 d5 4. cxd5 Nxd5 5. Qa4+ Bd7 6. Qb3 Nb6 7. d4 Bg7 8. e4 Bg4 9. d5 0-0 10. Be2 c6 11. 0-0 cxd5 12. exd5 N8d7 13. Be3 Nf6 14. Rfd1 Bxf3 15. Bxf3 Ne8 16. Nb5 Nd6 17. Rac1 Nxb5 18. Qxb5 Qd6 19. Bc5 Qf6 20. b4 Bh6 21. Rc2 Bf4 22. a4 Rfb8 23. Re2 Bd6 24. a5 Bxc5 25. bxc5 Nc8 26. h3 Kg7 27. Qd7 Qf4 28. a6 1-0

[Event "Iasi op"]
[Site "Iasi"]
[Date "2014.05.12"]
[Round "3"]
[White "Andreoni, Giuseppe"]
[Black "Cusmuliuc, Diana Elena"]
[Result "1-0"]
[WhiteElo "2138"]
[BlackElo "1866"]
[PlyCount "51"]
[EventDate "2014.05.10"]
[EventType "swiss"]
[EventRounds "9"]
[EventCountry "ROU"]
[SourceTitle "CBM 160 Extra"]
[Source "ChessBase"]
[SourceDate "2014.07.01"]
[SourceVersion "1"]
[SourceVersionDate "2014.07.01"]
[SourceQuality "1"]

1. e4 c5 2. Nf3 d6 3. d4 cxd4 4. Nxd4 Nf6 5. Nc3 a6 6. Bg5 e6 7. f4 Be7 8. Qf3 Qc7 9. 0-0-0 Nbd7 10. Bd3 b5 11. Rhe1 Bb7 12. Qg3 b4 13. Nd5 Bxd5 14. exd5 Nxd5 15. Be4 0-0-0 16. Bxd5 Bxg5 17. Qxg5 exd5 18. Qxd5 Nb6 19. Qa5 Kb7 20. Qxb4 Rc8 21. Qb3 g6 22. g3 Ka7 23. Re3 Nc4 24. Rc3 d5 25. Qa4 Qb6 26. Rb3 1-0

[Event "Padova op-A 16th"]
[Site "Padova"]
[Date "2013.12.20"]
[Round "7.22"]
[White "Movileanu, Daniela"]
[Black "Andreoni, Giuseppe"]
[Result "1/2-1/2"]
[WhiteElo "2051"]
[BlackElo "2103"]
[PlyCount "80"]
[EventDate "2013.12.15"]
[EventType "swiss"]
[EventRounds "9"]
[EventCountry "ITA"]
[SourceTitle "EXT 2024"]
[Source "ChessBase"]
[SourceDate "2023.10.10"]
[SourceVersion "1"]
[SourceVersionDate "2023.10.10"]
[SourceQuality "1"]

1. e4 c5 2. Nc3 e6 3. Nf3 a6 4. d4 cxd4 5. Nxd4 d6 6. Be3 b5 7. f3 Bb7 8. Qd2 Nd7 9. a4 b4 10. Na2 Ngf6 11. Nxb4 Nc5 12. Nd3 Ncxe4 13. fxe4 Nxe4 14. Qe2 Qa5+ 15. Bd2 Qb6 16. Nf3 Be7 17. a5 Qc7 18. Nf2 Nxf2 19. Qxf2 Qxc2 20. Bc3 Qg6 21. Be2 0-0 22. 0-0 Rfc8 23. Rad1 e5 24. Kh1 Rc5 25. Ne1 e4 26. Bb4 e3 27. Qxe3 Re5 28. Qf2 Bh4 29. Qxh4 Rxe2 30. Rf2 Re4 31. Qg3 Qxg3 32. hxg3 Rxb4 33. Rxd6 Be4 34. Rfd2 h6 35. Nd3 Bxd3 36. R6xd3 Rb5 37. Rd8+ Rxd8 38. Rxd8+ Kh7 39. Rd7 f6 40. b4 Rxb4 1/2-1/2

[Event "Padova op-A 16th"]
[Site "Padova"]
[Date "2013.12.17"]
[Round "4.18"]
[White "Andreoni, Giuseppe"]
[Black "Boscolo Meneguolo, Federico"]
[Result "1/2-1/2"]
[WhiteElo "2103"]
[BlackElo "2295"]
[PlyCount "32"]
[EventDate "2013.12.15"]
[EventType "swiss"]
[EventRounds "9"]
[EventCountry "ITA"]
[SourceTitle "EXT 2024"]
[Source "ChessBase"]
[SourceDate "2023.10.10"]
[SourceVersion "1"]
[SourceVersionDate "2023.10.10"]
[SourceQuality "1"]

1. e4 c5 2. Nf3 Nc6 3. Bb5 d6 4. 0-0 Bd7 5. Re1 e6 6. c3 a6 7. Bf1 Nf6 8. d4 cxd4 9. cxd4 d5 10. e5 Ne4 11. Nbd2 Nxd2 12. Bxd2 Be7 13. Bd3 Qb6 14. Kh1 Qxb2 15. Rb1 Qa3 16. Re3 Qxa2 1/2-1/2

[Event "Padova op-A 16th"]
[Site "Padova"]
[Date "2013.12.17"]
[Round "3.25"]
[White "Di Lazzaro, Gabriele"]
[Black "Andreoni, Giuseppe"]
[Result "0-1"]
[WhiteElo "1941"]
[BlackElo "2103"]
[PlyCount "68"]
[EventDate "2013.12.15"]
[EventType "swiss"]
[EventRounds "9"]
[EventCountry "ITA"]
[SourceTitle "EXT 2024"]
[Source "ChessBase"]
[SourceDate "2023.10.10"]
[SourceVersion "1"]
[SourceVersionDate "2023.10.10"]
[SourceQuality "1"]

1. d4 Nf6 2. Nc3 d5 3. Bg5 e6 4. e4 dxe4 5. Nxe4 Nbd7 6. Nf3 h6 7. Bh4 Be7 8. Nxf6+ Nxf6 9. Bd3 c5 10. 0-0 cxd4 11. Nxd4 0-0 12. Nf3 Qb6 13. Rb1 Qa5 14. a3 Qh5 15. Re1 Bd7 16. Re5 Qg4 17. h3 Qa4 18. Qd2 Rfd8 19. Ra5 Qc6 20. Ne5 Qc7 21. Nxd7 Rxd7 22. Bxf6 Bxf6 23. Ra4 Rd4 24. Rxd4 Bxd4 25. c3 Bb6 26. Qe2 Rd8 27. Rd1 Rd5 28. Bc2 Rg5 29. Kh1 Qf4 30. g3 Re5 31. Qd2 Qf3+ 32. Kh2 g6 33. Rf1 Re2 34. Qd3 Rxf2+ 0-1